Statistics for Weenside de A à Z

Click here to take the quiz!

General Stats

  • This quiz has been taken 14 times
  • The average score is 18 of 26

Answer Stats

HintAnswer% Correct
V - Ma couleur préféréVert
100%
B - Orientation sexuelleBisexuel
89%
D - Mon style de musique préféréDubstep
89%
G - Jeu favoriGeometry Dash
89%
K - Ma sauce préféréKetchup
89%
L - Son espèce (furry)Loup
89%
M - Pseudo de mon petit copainMajax
89%
A - PrénomAntoine
78%
F - Meilleur niveauFuego
78%
H - Son G.F.X (miniatures)Hir0shi
78%
Q - Deuxième PrénomQuentin
78%
S - Ma megacollab 1.9Supercharged
78%
E - Ma pire part dans une megacollabEndless Corridor
67%
J - Mois et année de naissanceJuin 2001
67%
O - Mon smiley favoriOwO
67%
R - Mes meilleures séries de vidéos sur ma chaineRewind
67%
U - Mon hardestUltrasonic
67%
X - Mon ami TrackManiaX3ll3n
67%
T - Mon numéro de département (en lettres)Treize
56%
Y - Mon premier ami steam de la communauté GDYanisGD
56%
C - Mon extreme demon favoriCelestial Force
44%
I - Musique de mon tout premier niveauInsomnia Dreams
44%
N - Première personne de la communauté GD à qui j'ai parlé sur discordNoctaFly
44%
W - Nom de mon fursonnaWolfside
44%
P - Mon niveau préféréPropane Nightmares
33%
Z - Personne qui m'a inspiré à build en 2.0Zwenty/PSAY
33%

Score Distribution

Percentile by Number Answered

Percent of People with Each Score

Your Score History

You have not taken this quiz